Perlembagaan Dan Undang-undang : [Panduan kepada calon-calon peperiksaan undang-undang kerajaan] :

Bibliographic Details
Corporate Authors: Malaysia, Lembaga Penyelidikan Undang - undang
Format: Book
Published: Selangor: International Law Book Services, 2013.
Series:Undang - undang Malaysia
Subjects:
LEADER 00800cam a2200205 7i4500
001 0000020414
005 20151104090000.0
005 ##20151104123200.0
003 ##MY-KlINT
020 # # |a 9789678921145  
039 # 9 |y 201511041232  |z VLOAD 
090 0 0 |a 342.595   |b MAL 
110 0 # |a Malaysia 
245 0 0 |a Perlembagaan Dan Undang-undang :   |b [Panduan kepada calon-calon peperiksaan undang-undang kerajaan] :   |b [Panduan kepada calon-calon peperiksaan undang-undang kerajaan] :   |b (hingga 5hb Januari 2013);   |f disusun Lembaga Penyelidikan Undang - Undang. 
260 # # |a Selangor:   |b International Law Book Services,   |c 2013. 
300 # # |a xii,756p.;   |c 24cm. 
490 0 # |a Undang - undang Malaysia 
650 # 0 |a Law --   |z Malaysia  
650 # 0 |a Malaysia --   |x Constitutional law  
710 0 # |a Lembaga Penyelidikan Undang - undang